00806nam a2200229 i 450000100060000000300090000600500170001500700030003200800410003502000180007608000150009410000270010924501330013625000120026926000380028130000220031949000870034150400330042865000350046183000470049685200330054313721ES-MaACL20250727031511.0t|980610s1998 sp ||||1| spa d a84-922335-7-5 a316.7(460)1 aStallaert, Christiane.10aEtnogénesis y etnicidad en España b: una aproximación histórico-antropológica al casticismo / cChristiane Stallaert. a1ª ed. aBarcelona : bProyecto A, c1998. a190 p. ; c24 cm.1 aCuadernos A. Biblioteca universitaria. Actualidad ; v5. aTemas de antropología aBibliografía : p. 173-188.14aIdentidad cultural-zEspaña.00aCuadernos A.pTemas de antropologíav5.  aES-MaACLjL-21045 bR.126555